Referenčný marketing ako aktívny nástroj marketingu v oblasti hotelierstva

Referenčný marketing v súčasnej dobe ako jeden z nástrojov podpory predaja v oblasti služieb a hotelierstva. Marketingová komunikácia v hotelierstve. Aktívne využívanie hodnotiacich portálov. Dôležitosť referenčného marketingu.

Gespeichert in:
Bibliographische Detailangaben
1. Verfasser: Svoboda, Ján
Format: Buchkapitel
Sprache:Slowakisch
Schlagworte:
Tags: Tag hinzufügen
Keine Tags, Fügen Sie das erste Tag hinzu!

MARC

LEADER 00000nla$a2200000$$$4500
001 0135713
005 20221103134535.1
041 0 |a slo 
044 |a SK 
245 1 0 |a Referenčný marketing ako aktívny nástroj marketingu v oblasti hotelierstva  |c Ján Svoboda 
520 |a Referenčný marketing v súčasnej dobe ako jeden z nástrojov podpory predaja v oblasti služieb a hotelierstva. Marketingová komunikácia v hotelierstve. Aktívne využívanie hodnotiacich portálov. Dôležitosť referenčného marketingu. 
610 2 0 |a ruch cestovný 
610 2 0 |a hotelierstvo 
610 2 0 |a hotely 
610 2 0 |a strediská ruchu cestovného 
610 2 0 |a zariadenia rekreačné 
610 2 0 |a systémy rezervačné 
610 2 0 |a služby doplnkové 
610 2 0 |a marketing 
610 2 0 |a komunikácia marketingová 
610 2 0 |a internet 
100 1 |a Svoboda, Ján